000 00277nam a22001337a 4500
008 170814b xxu||||| |||| 00| 0 eng d
020 _a2900470180722
041 _aeng
080 _a51
100 _a36
101 _aMAT
245 _aPRCALCULUS
_cAXLER,SH
942 _2udc
_cBK
999 _c23436
_d23436